Identifying good practice from countries implementing the European Landscape Convention (Record no. 109726)

MARC details
000 -LEADER
fixed length control field 01105cad a22002295a 4500
001 - CONTROL NUMBER
control field E147801
008 - FIXED-LENGTH DATA ELEMENTS--GENERAL INFORMATION
fixed length control field 090619s2009 xxk f 000 0 eng d
020 ## - INTERNATIONAL STANDARD BOOK NUMBER
International Standard Book Number 9780755990368
035 ## - SYSTEM CONTROL NUMBER
System control number (Sirsi) u147801
041 0# - LANGUAGE CODE
Language code of text/sound track or separate title eng
050 04 - LIBRARY OF CONGRESS CALL NUMBER
Classification number 333.7 $2 18
110 2# - MAIN ENTRY--CORPORATE NAME
Corporate name or jurisdiction name as entry element International Centre for Protected Landscapes
9 (RLIN) 5753
245 00 - TITLE STATEMENT
Title Identifying good practice from countries implementing the European Landscape Convention
Remainder of title (project reference ICP/001/07)
Medium [electronic resource]
260 ## - PUBLICATION, DISTRIBUTION, ETC.
Place of publication, distribution, etc. Edinburgh
Name of publisher, distributor, etc. Scottish Government
Date of publication, distribution, etc. 2009
520 ## - SUMMARY, ETC.
Summary, etc. Examines good practice from countries implementing the European Landscape Convention in order to inform policy-making and the implementation of the Convention in Scotland. Includes case studies and recommendations.
521 ## - TARGET AUDIENCE NOTE
Target audience note Advanced
590 ## - LOCAL NOTE (RLIN)
Local note KA
651 #4 - SUBJECT ADDED ENTRY--GEOGRAPHIC NAME
Geographic name Scotland
Chronological subdivision 1999-
690 ## - LOCAL SUBJECT ADDED ENTRY--TOPICAL TERM (OCLC, RLIN)
Topical term or geographic name as entry element ENVIRONMENTAL AND LAND CONSULTANCY-ENVIRONMENTAL MANAGEMENT-ENVIRONMENTAL CONSERVATION-LANDSCAPE CONSERVATION
856 40 - ELECTRONIC LOCATION AND ACCESS
Uniform Resource Identifier <a href="https://www.scotland.gov.uk/Publications/2009/06/11091754/0">https://www.scotland.gov.uk/Publications/2009/06/11091754/0</a>
Public note View the report free of charge at www.scotland.gov.uk...
942 ## - ADDED ENTRY ELEMENTS (KOHA)
Suppress in OPAC 0
Holdings
Withdrawn status Lost status Source of classification or shelving scheme Damaged status Not for loan Home library Current library Shelving location Date acquired Total Checkouts Full call number Barcode Date last seen Copy number Price effective from Koha item type
    Dewey Decimal Classification     Virtual Virtual Online 19/06/2009   ONLINE PUBLICATION 147801-2001 06/08/2019 1 06/08/2019 Book